| 000 | 01086nam a22002297a 4500 | ||
|---|---|---|---|
| 005 | 20210325191800.0 | ||
| 008 | s2541 th tha d | ||
| 041 | _atha | ||
| 090 | _aว KD242 ส882ว 2541 | ||
| 100 | 0 | _aสุวิมล ภูมิสิงหราช | |
| 245 | 1 | 0 | _aวุฒิสภาตามรัฐธรรมนูญแห่งราชอาณาจักรไทย พุทธศักราช 2540 กับความมั่นคงแห่งชาติ |
| 260 | 3 |
_aกรุงเทพฯ : _bวิทยาลัยป้องกันราชอาณาจักร, _c2541 |
|
| 300 |
_a163 หน้า : _b แผนภูมิ, ตาราง ; _c 29 ซม. |
||
| 650 | 0 | 4 | _aรัฐธรรมนูญ -- ไทย -- 2540 |
| 650 | 0 | 4 | _aวุฒิสภา |
| 650 | 0 | 4 | _aวุฒิสภา -- อำนาจหน้าที่ |
| 650 | 0 | 4 | _aสมาชิกวุฒิสภา |
| 850 | _aNALT | ||
| 942 | _cRSH | ||
| 997 |
_c000000000029534 _kVC |
||
| 998 | _aBENJALUCK SUTTHIWILAI | ||
| 999 |
_c29534 _d29534 |
||